000 00654nam a2200205Ia 4500
003 GCL
008 140319s9999 xx 000 0 ara d
040 _aGCL /
_cGCL
082 0 4 _a258.91
_bف ج
100 1 _aالفضل بن الحوارى
245 1 0 _aجامع الفضل بن الحوارى /
_cالفضل بن الحوارى
260 _aسلطنة عمان :
_bوزارة الثقافة والارشاد القومى ،
_c1985
300 _a3 مج ؛
_c24 سم
490 _a
650 0 4 _aالفقه الاسلامى
650 0 4 _aسلطنة عمان
650 0 4 _aفقه الاباضية
650 0 4 _aالافلاج
942 _2ddc
_cBK
999 _c37987
_d37987